000 00831nam a2200253Ia 4500
003 OSt
005 20220923221013.0
006 a|||||r|||| 00| 0
007 ta
008 220922b |||||||| |||| 00| 0 hin d
024 _a193,648
037 _cTextual
040 _aARTS
_cARTS
_bhin
041 _2hin
_ahin
082 _aO152,3:g, M2
100 _aप्रेमकुमार
245 0 _aहिन्दी उपन्यास
_b अन्तरंग पहचान
246 _aHindī upanyāsa: antaranga pahachāna
260 _aमहेसाना
_b गिरनार प्रका0
_c1982
300 _a187पृ.
_ccm.
650 _aहिन्दी साहित्य
_9156264
942 _hO152,3:g, M2
_cTEXL
_2CC
999 _c346096
_d346096